[Event "Rohde op 06th"]
[Site "Sautron"]
[Date "2006.11.04"]
[Round "9"]
[White "Durand, Julien"]
[Black "Savalle, Mathilde"]
[Result "0-1"]
[WhiteElo "1780"]
[BlackElo "1570"]
[PlyCount "67"]
[EventDate "2006.10.28"]
[EventType "swiss"]
[EventRounds "9"]
[EventCountry "FRA"]
[SourceTitle "EXT 2007"]
[Source "ChessBase"]
[SourceDate "2006.11.23"]
[SourceVersion "1"]
[SourceVersionDate "2006.11.23"]
[SourceQuality "1"]

1. d4 d5 2. c4 e6 3. Nc3 Nf6 4. Bg5 Be7 5. e3 0-0 6. Nf3 b6 7. Rc1 Bb7 8. Bd3 Nbd7 9. 0-0 c5 10. a3 h6 11. Bxf6 Nxf6 12. dxc5 bxc5 13. Be2 Ba6 14. Ne5 Qc7 15. Nf3 Rab8 16. cxd5 Bxe2 17. Qxe2 exd5 18. Rfd1 Rfd8 19. Rc2 Rd7 20. h3 Rbd8 21. Nh2 Bd6 22. Ng4 Nxg4 23. Qxg4 Be5 24. Qe2 d4 25. exd4 cxd4 26. Rcd2 Bf4 27. Nb5 Qb6 28. a4 Bxd2 29. Rxd2 Qa6 30. Qd1 d3 31. b4 Qc6 32. g3 a6 33. Na3 Qc3 34. Nb1 0-1

[Event "Rohde op 06th"]
[Site "Sautron"]
[Date "2006.10.29"]
[Round "2"]
[White "Batard, David"]
[Black "Durand, Julien"]
[Result "1-0"]
[WhiteElo "2027"]
[BlackElo "1780"]
[PlyCount "39"]
[EventDate "2006.10.28"]
[EventType "swiss"]
[EventRounds "9"]
[EventCountry "FRA"]
[SourceTitle "EXT 2007"]
[Source "ChessBase"]
[SourceDate "2006.11.23"]
[SourceVersion "1"]
[SourceVersionDate "2006.11.23"]
[SourceQuality "1"]

1. d4 e6 2. c4 d5 3. Nc3 dxc4 4. e4 Nf6 5. Bxc4 Bb4 6. e5 Nd5 7. Nge2 c6 8. 0-0 Nd7 9. Ne4 b6 10. Bg5 f6 11. exf6 gxf6 12. Nf4 Nxf4 13. Bxf4 Nf8 14. Qa4 Be7 15. Qxc6+ Bd7 16. Nd6+ Bxd6 17. Qxd6 Rc8 18. Bb3 Ng6 19. Bxe6 Bxe6 20. Qxe6+ 1-0

[Event "FRA-chT U20a 0405"]
[Site "France"]
[Date "2005.05.16"]
[Round "11.8"]
[White "Antonucci, Nicolas"]
[Black "Durand, Julien"]
[Result "1-0"]
[WhiteElo "1510"]
[BlackElo "1270"]
[PlyCount "85"]
[EventDate "2004.11.19"]
[EventType "team"]
[EventRounds "11"]
[EventCountry "FRA"]
[SourceTitle "EXT 2006"]
[Source "ChessBase"]
[SourceDate "2005.11.24"]
[SourceVersion "1"]
[SourceVersionDate "2005.11.24"]
[SourceQuality "1"]

1. c4 e5 2. g3 d5 3. Bg2 dxc4 4. Qa4+ c6 5. Qxc4 Be6 6. Qe4 Bd6 7. Nc3 Nf6 8. Qh4 Nbd7 9. e3 h6 10. Nge2 Nc5 11. 0-0 g5 12. Qb4 b5 13. Bxc6+ Ncd7 14. Qxd6 Rc8 15. Bxb5 Bd5 16. Nxd5 Nxd5 17. Qxe5+ Ne7 18. Qxh8+ Ng8 19. Qxg8+ Ke7 20. Qxd8+ Rxd8 21. Bxd7 Rxd7 22. d4 g4 23. Rd1 Rd8 24. d5 f5 25. d6+ Rxd6 26. Rxd6 Kxd6 27. b4 Kc6 28. Nd4+ Kb6 29. Nxf5 Kb5 30. Nxh6 Kxb4 31. Nxg4 Kc5 32. h4 Kd5 33. h5 Kd6 34. h6 Ke7 35. Rb1 Kf8 36. Rb7 Kg8 37. Rxa7 Kf8 38. Bd2 Kg8 39. Nf6+ Kf8 40. Ne8 Kg8 41. Bc3 Kf8 42. h7 Kxe8 43. h8R# 1-0

[Event "FRA-chT U20a 0405"]
[Site "France"]
[Date "2005.05.15"]
[Round "9.9"]
[White "Durand, Julien"]
[Black "Aggoune, Audessa"]
[Result "0-1"]
[WhiteElo "1270"]
[BlackElo "1230"]
[PlyCount "78"]
[EventDate "2004.11.19"]
[EventType "team"]
[EventRounds "11"]
[EventCountry "FRA"]
[SourceTitle "EXT 2006"]
[Source "ChessBase"]
[SourceDate "2005.11.24"]
[SourceVersion "1"]
[SourceVersionDate "2005.11.24"]
[SourceQuality "1"]

1. e4 d5 2. Nc3 dxe4 3. Nxe4 Qd5 4. Nc3 Qa5 5. a3 c6 6. b4 Qc7 7. Nf3 Nf6 8. d4 Bg4 9. h3 Bh5 10. g4 Bg6 11. d5 cxd5 12. Nxd5 Nxd5 13. Qxd5 Qc3+ 14. Bd2 Qxa1+ 15. Ke2 Qxa3 16. Qxb7 Qa6+ 17. Qxa6 Nxa6 18. Kd1 Nc7 19. Bc4 Be4 20. Be2 Bxf3 21. Bxf3 Rd8 22. Ke2 e5 23. b5 Bc5 24. Rb1 Bxf2 25. Bb4 Bb6 26. Bc6+ Rd7 27. Rd1 Bd4 28. Bxd7+ Kxd7 29. Ba5 Kc8 30. Bxc7 Kxc7 31. Rc1 Rd8 32. c3 Bc5 33. Rf1 f6 34. Ra1 Kb6 35. c4 Rd4 36. Ra6+ Kb7 37. Ra4 g6 38. Kf3 e4+ 39. Ke3 Rxc4+ 0-1